Lidé v ohrožení: roboti jsou dokonalejší

Práca profesionálov v mnohých odboroch je ohrozená stále pokrokovejšou robotizáciou. Koniec éry vyšších profesií charakterizujú trendy: online dostupnosť, digitalizácia vedomostí, big data, umelá inteligencia, technologické systémy nahrádzajúce prácu ľudského odborníka, robotika, senzorika. Umelá in...

Descripción completa

Guardado en:
Detalles Bibliográficos
Autor principal: Pružinová, Kristýna
Formato: Capítulo de libro
Lenguaje:checo
Materias:
Etiquetas: Agregar Etiqueta
Sin Etiquetas, Sea el primero en etiquetar este registro!

MARC

LEADER 00000naa a2200000 4500
001 0236765
005 20171024093230.6
041 0 |a cze 
044 |a CZ 
245 1 0 |a Lidé v ohrožení: roboti jsou dokonalejší  |c Kristýna Pružinová 
520 |a Práca profesionálov v mnohých odboroch je ohrozená stále pokrokovejšou robotizáciou. Koniec éry vyšších profesií charakterizujú trendy: online dostupnosť, digitalizácia vedomostí, big data, umelá inteligencia, technologické systémy nahrádzajúce prácu ľudského odborníka, robotika, senzorika. Umelá inteligencia v niektorých oblastiach začína byť výkonnejšia ako človek. Niektorí vedci zdôrazňujú, že odborné profesie budú stále potrebné kvôli sociálnej interakcii a empatii. 
610 2 0 |a robotizácia 
610 2 0 |a roboty 
610 2 0 |a inteligencia umelá 
610 2 0 |a práca 
610 2 0 |a odbornosť 
610 2 0 |a povolania 
100 1 |a Pružinová, Kristýna